000 00319nam a2200121Ia 4500
005 20251222141840.0
008 251222s9999||||xx |||||||||||||| ||spa||
082 _a332.642.85/G44
100 _aGiesecke Sara-Lafosse, Margarita
245 0 _aBolsa de Valores de Lima:
264 _bBolsa de Valores de Lima
942 _cLIB
999 _c7386
_d7386